000 00250nam a2200097Ia 4500
001 1206538
005 20250827022807.0
008 250824s9999 xx 000 0 und d
245 0 _aBARIŞ MANÇO
_cHÜSEYİN HAKKI KAHVECİ
260 _bDESTEK YAYINLARI
999 _c1206538
_d1206538